00513nam a22001337a 4500008004100000020001500041050002200056245016700078260004600245300002400291440002300315700002000338700002100358140901b xxu||||| |||| 00| 0 eng d a0406092389 aKD275.4.L39(1960) aThe Law Reports, Appeal Cases(1960): House of Lords and Judicial Committee of the Privy Council and Peerage Cases. /cedited by R.P. Colinvaux and Charles Clayton aLondon:bButterworth and Co. Ltd.,c1960. axiii, 983p.:c24cm. pAppeal Cases,1960. aColinvaux, R.P. aClayton, Charles